000 00600nab a2200193 4500
001 244442
003 OSt
005 20230726122957.0
007 tu
008 200917s2020|||||||
040 _aDE-2950
_cDE-2950
245 0 0 _aAuszeichnung und Ansporn zugleich.
_bUniversität. Die Viadrina wird als "Europäische Hochschule " mit einer Summe von 2,25 Mio Euro von der EU gefördert/
_cred
264 _c2023
653 _a'Frankfurt (Oder)
653 _aViadrina
653 _aEU-Förderung
773 0 _g34. Jahrgang (2023) Nr. 155 vom 06.07.2023, S. 13
_tMärkische Oderzeitung
942 _2z
_cA
999 _c372629
_d372629